LEADER 01608nam a2200289 i 4500 001 991002959369707536 008 071018s2005 gw a r 101 0 ger d 020 $a3777614157 035 $ab13608034-39ule_inst 040 $aBiblioteca Interfacoltà$bita 082 04$a893.1 245 00$aFeinde und Aufrührer :$bKonzepte von Gegnerschaft in ägyptischen Texten besonders des Mittleren Reiches /$cherausgegeben von Heinz Felber 246 3 $aGegnerschaft in ägyptischen Texten besonders des Mittleren Reiches 260 $aLeipzig :$bVerlag der Sächsischen Akademie der Wissenschaften zu Leipzig ;$aStuttgart :$bIn Kommission bei Hirzel,$c2005 300 $a314 p. :$bill. ;$c24 cm 440 0$aAbhandlungen der Sächsischen Akademie der Wissenschaften zu Leipzig, Philologisch-Historische Klasse ;$vBd.78, Heft 5 500 $aPapers presented at the colloquium "Feinde und Aufrührer : Konzepte von Gegnerschaft in der Literatur des Mittleren Reiches", held September 20-21, 2001 in the Sächsische Akademie der Wissenschaften in Leipzig. 546 $aGerman and English. 650 4$aLetteratura egiziana$xStoria$xCongressI 700 1 $aFelber, Heinz$eauthor$4http://id.loc.gov/vocabulary/relators/aut$0661519 710 2 $aSächsische Akademie der Wissenschaften zu Leipzig. 907 $a.b13608034$b02-04-14$c18-10-07 912 $a991002959369707536 945 $aLE002 Ann. 334/078,5$g1$i2002000898098$lle002$o-$pE0.00$q-$rl$s- $t0$u0$v0$w0$x0$y.i15464398$z30-11-12 996 $aFeinde und Aufrührer$91463576 997 $aUNISALENTO 998 $ale002$b18-10-07$cm$da $e-$fger$ggw $h0$i0